চেঙ্গিজ খান ও আধুনিক বিশ্বের জন্ম / (Record no. 2666)
[ view plain ]
| 000 -LEADER | |
|---|---|
| fixed length control field | 01262nam a22002297a 4500 |
| 003 - CONTROL NUMBER IDENTIFIER | |
| control field | BD-DhJNU |
| 005 - DATE AND TIME OF LATEST TRANSACTION | |
| control field | 20260409054200.0 |
| 008 - FIXED-LENGTH DATA ELEMENTS--GENERAL INFORMATION | |
| fixed length control field | 260409b |||||||| |||| 00| 0 eng d |
| 020 ## - INTERNATIONAL STANDARD BOOK NUMBER | |
| International Standard Book Number | 9789849792192 |
| 040 ## - CATALOGING SOURCE | |
| Original cataloging agency | BD-DhJNU |
| Language of cataloging | Ben |
| Transcribing agency | BD-DhJNU |
| Modifying agency | BD-DhJNU |
| 082 ## - DEWEY DECIMAL CLASSIFICATION NUMBER | |
| Edition number | 23 |
| Classification number | 950.2092 |
| 100 ## - MAIN ENTRY--PERSONAL NAME | |
| Personal name | ওয়েদারফোর্ড, জ্যাক |
| 242 ## - TRANSLATION OF TITLE BY CATALOGING AGENCY | |
| Title | Genghis Khan and the birth of the modern world / |
| Statement of responsibility, etc. | Jack Weatherford and Amartya Ghalib Chowdhury (translators) |
| 245 ## - TITLE STATEMENT | |
| Title | চেঙ্গিজ খান ও আধুনিক বিশ্বের জন্ম / |
| Statement of responsibility, etc. | জ্যাক ওয়েদারফোর্ড এবং অমর্ত্য গালিব চৌধুরী (অনুবাদক) |
| 260 ## - PUBLICATION, DISTRIBUTION, ETC. | |
| Place of publication, distribution, etc. | ঢাকা : |
| Name of publisher, distributor, etc. | দিব্যপ্রকাশ, |
| Date of publication, distribution, etc. | 2025. |
| 300 ## - PHYSICAL DESCRIPTION | |
| Extent | ২২৩ পৃ. : |
| Other physical details | চিত্র ; |
| Dimensions | ২২ সেমি.। |
| 504 ## - BIBLIOGRAPHY, ETC. NOTE | |
| Bibliography, etc. note | গ্রন্থপঞ্জিগত নির্দেশিকা ও নিঘন্ট অন্তভূক্ত |
| 650 ## - SUBJECT ADDED ENTRY--TOPICAL TERM | |
| Topical term or geographic name entry element | মঙ্গোল সাম্রাজ্য—ইতিহাস |
| 650 ## - SUBJECT ADDED ENTRY--TOPICAL TERM | |
| Topical term or geographic name entry element | Mongol Empire—History |
| 700 ## - ADDED ENTRY--PERSONAL NAME | |
| Personal name | চৌধুরী, অমর্ত্য গালিব |
| Relator term | অনুবাদক |
| 942 ## - ADDED ENTRY ELEMENTS (KOHA) | |
| Source of classification or shelving scheme | Dewey Decimal Classification |
| Koha item type | Books |
| Suppress in OPAC | No |
| Withdrawn status | Lost status | Source of classification or shelving scheme | Damaged status | Not for loan | Collection | Home library | Current library | Shelving location | Date acquired | Source of acquisition | Total checkouts | Full call number | Barcode | Date last seen | Copy number | Price effective from | Koha item type |
|---|---|---|---|---|---|---|---|---|---|---|---|---|---|---|---|---|---|
| Dewey Decimal Classification | Non-fiction | Jagannath University Central Library | Jagannath University Central Library | General stacks | 04/09/2026 | Purchase | 950.2092 WEG | JNUCL36198 | 04/09/2026 | 1 | 04/09/2026 | Books |